| 000 | 00895cam a22002895a 4500 | ||
|---|---|---|---|
| 001 | 017112046 | ||
| 003 | OSt | ||
| 005 | 20201128023632.0 | ||
| 008 | 141211t2015 enka frb 001 0 eng d | ||
| 020 | _a9781118993095 (pbk.) | ||
| 040 |
_aStDuBDS _beng _cStDuBDS _dEG-ScBUE |
||
| 082 | 0 | 4 |
_a338.064 _222 _bBES |
| 100 | 1 |
_aBessant, J. R. _934261 |
|
| 245 | 1 | 0 |
_aInnovation and entrepreneurship / _cJohn Bessant and Joe Tidd. |
| 250 | _a3rd ed. | ||
| 260 |
_aWest Sussex : _bJohn Wiley & Sons, _cc.2015. |
||
| 300 |
_axviii, 524 p. : _bill. ; _c24 cm. |
||
| 500 | _aPrevious edition: 2011. | ||
| 500 | _aIndex : p. 513-524. | ||
| 504 | _aIncludes bibliographical references. | ||
| 650 | 7 |
_aTechnological innovations. _2BUEsh _919468 |
|
| 650 | 7 |
_aEntrepreneurship. _2BUEsh _9240 |
|
| 651 | _2BUEsh | ||
| 653 |
_bBUSADM _cFebruary2016 |
||
| 700 | 1 |
_aTidd, Joseph, _d1960- _934263 |
|
| 942 | _2ddc | ||
| 999 |
_c21140 _d21112 |
||